000 01002nac a22002411u 4500
008 101007t xxu||||| |||| 00| 0 eng d
010 _a 00029821
020 _a0130889784
082 0 0 _a670.427
_bGRO
100 _aGroover, Mikell P.,
_920124
245 1 0 _aAutomation, Production Systems and Computer-Integrated Manufacturing /
_cMikell P. Groover.
250 _a2nd ed.
260 _aUpper Saddle River, NJ :
_bPrentice Hall,
_cc2001.
300 _axv, 856 p. :
_bill. ;
_c26 cm.
504 _aIncludes bibliographical references and index.
650 0 _aManufacturing processes
_xAutomation.
_920125
650 0 _aProduction control.
_920126
650 0 _aCAD/CAM systems.
_920127
650 0 _aRobots, Industrial.
_920128
650 0 _aComputer integrated manufacturing systems.
_920129
942 _cBB
_k670.427GRO
_2ddc
999 _c4089
_d4089